000 01606cam a22004574i 4500
003 PE-LiUPU
005 20250731172959.0
008 150623s1991 na r 000 0 eng d
020 _a0687078539
035 _a(Sirsi) i9780687078530
040 _aPE-LiUPU
_bspa
_cPE-LiUPU
_erda
049 _aPRUA
082 0 4 _a264.202
_bO72
_221
100 1 _aOrr, N. Lee,
_d1949-,
_eautor.
245 1 4 _aThe church music handbook :
_bfor Pastors and musicians /
_cN. Lee Orr.
264 1 _aNashville, tennessee :
_bAbingdon Press,
_c1991.
300 _a144 páginas ;
_c22 centímetros
336 _atext
_2rdacontent
337 _aunmediated
_2rdamedia
338 _avolume
_2rdacarrier
504 _aIncluye bibliografía.
505 0 _aThe changing role of church music -- Minister and musician: forging a partnership -- Seeking music leadership for your church -- Church music as career and calling.
526 _aSEG42
526 _aSEG41
526 _aSEG40
526 _aSEG39
526 _aP94
526 _aP87
526 _aP86
526 _aP85
526 _aP77
526 _aP76
526 _aP35
650 0 4 _aMúsica en la iglesia.
942 _2ddc
_cBOOK
949 _a264.202 O72
_wDEWEY
_c1
_i45472
_lCCODEBUL1
_mBUL
_r0
_sY
_tBOOK
_u2015-6-24
_xTEOLOGIA
_PP35
_0COMPRA
_o.STAFF. Colección Teología
994 _aC0
_bPEPRU
596 _a1
999 _a264.202 O72
_wDEWEY
_c22334
_i45472
_f2021-11-10
_g5
_lCCODEBUL1
_mBUL
_p30.00
_r0
_sY
_tBOOK
_u2015-6-24
_xTEOLOGIA
_PP35
_0COMPRA
_o.STAFF. Colección Teología
_d22334
980 _81
_gALBERTO SANCHEZ Responsable de Automatización